000 00594cam a2200193 a 4500
001 4034162
005 20260421123730.0
008 980610s1998 tnu b 001 0 eng
020 _a0687008433
_qpbk. : alk. paper
020 _a9780687008438
_q(pbk. : alk. paper)
050 0 0 _aBS1205.2
_b.N45 1998
082 0 0 _a222/.061
_221
100 1 _aNelson, Richard D.
_q(Richard Donald),
_d1945-
245 1 4 _aThe historical books /
_cRichard D. Nelson.
260 _aNashville :
_bAbingdon Press,
_cc1998.
300 _a190 p. ;
_c23 cm.
440 0 _aInterpreting Biblical texts
942 _2lcc
_cBK
_n0
999 _c9354
_d9354